| 000 | 01158cam a22002054a 4500 | ||
|---|---|---|---|
| 005 | 20250605164146.0 | ||
| 008 | 250528s ||||||||||||||||||||||||d | ||
| 035 | _a19191 | ||
| 020 | _a192626566 | ||
| 040 |
_aGR-AtMCL _bgre _dGR-AtMCL _eAACR2 |
||
| 245 | 1 | _aHealth for All Children / Report of the Third Joint Working Party on Child Health Surveillance | |
| 250 | _a3rd | ||
| 260 |
_bOxford University Press, _c1996 |
||
| 300 | _a254 | ||
| 520 | _aThe book examines the various screening tests and procedures carried out in child-health clinics across the United Kingdom. Overview of the 1995 Program, Health for all Children, Child Health Promotion, Opportunities for Primary Prevention, Promoting Child Development, Secondary Prevention: Early Detection and the Role of Screening, Physical Examination, Growth Monitoring, Laboratory and Radiological Tests, Iron Deficiency, Screening for Hearing Defects, Disorders of Development and Behavior, Organization and Management and Records, Summary of 1995 Child Health Promotion Program, Appendices, Index. | ||
| 700 | 1 |
_aHall David M. B _95434 |
|
| 942 | _cBK | ||
| 999 |
_c4463 _d4463 |
||